LEADER 01537nam 2200445 450 001 000010654 005 20060117141434.0 010 $a0-12-181872-1 100 $a20020306d1969----km-y0itay0103----ba 101 0 $aeng 102 $aUS 200 1 $aSteroids and terpenoids$fedited by Raymond B. Clayton 210 $aNew York...[etc.]$cAcademic Press$d1969 215 $aXVII, 903 p.$d24 cm 225 2 $aMethods in enzymology$v15 410 1$12001$aMethods in enzymology$v15 606 1 $aSteroidi 606 2 $aTerpeni 676 $a572.579$v(21. ed.)$9Biochimica. Steroidi 676 $a547.71$v(21. ed.)$9Terpeni e oli essenziali 702 1$aClayton,$bRaymond B. 801 0$aIT$bUniversità della Basilicata - B.I.A.$gRICA$2unimarc 912 $a000010654 996 $aSteroids and terpenoids$977037 997 $aUNIBAS BAS $aAGRARIA CAT $aSTD009$b01$c20020306$lBAS01$h1335 CAT $aSTD031$b01$c20030925$lBAS01$h1731 CAT $aTORRE$b20$c20030929$lBAS01$h1257 CAT $aTORRE$b20$c20030929$lBAS01$h1304 CAT $aTORRE$b20$c20031022$lBAS01$h1206 CAT $c20050601$lBAS01$h1754 CAT $abatch$b01$c20050718$lBAS01$h1050 CAT $c20050718$lBAS01$h1109 CAT $c20050718$lBAS01$h1140 CAT $c20050718$lBAS01$h1154 CAT $aTTM$b30$c20051128$lBAS01$h1119 CAT $aTTM$b30$c20060117$lBAS01$h1414 FMT Z30 -1$lBAS01$LBAS01$mBOOK$1BASA2$APolo Tecnico-Scientifico$2DID$BDidattica$3PTS$630596$5A30596$820030925$f98$FConsultazione LEADER 01224nam0 2200349 450 001 000040584 005 20150427111220.0 100 $a20150420d1971----km-y0itaa50------ba 101 1 $aita 102 $aIT 200 1 $a<> forza della nonviolenza$fM. K. Gandhi$gpresentazione di Nanni Salio 205 $a3. ed 210 $aBologna [etc.]$cEMI$d1971 215 $a127 p.$d21 cm 225 2 $aMani tese 300 $aTraduzione dall'inglese di Antonio Sessa 410 0$12001$aMani tese 454 1$12001$a<> science of satyagraha$928371 606 1 $aNon violenza 676 $a303.61$v(22. ed.)$9Conflitto e risoluzione del conflitto. Disobbedienza civile 700 1$aGandhi,$bMohandas Karamchand$0161878 801 0$aIT$bUniversità della Basilicata - B.I.A.$gREICAT$2unimarc 912 $a000040584 996 $aScience of satyagraha$928371 997 $aUNIBAS BAS $aLETTERE CAT $aSTD101$b01$c20150420$lBAS01$h1039 CAT $aTTM$b30$c20150427$lBAS01$h1112 CAT $aBATCH$b00$c20180801$lBAS01$h1239 FMT Z30 -1$lBAS01$LBAS01$mBOOK$1BASA1$APolo Storico-Umanistico$2FCAN$BFondo Cantillo$6113389$5L113389$820150420$f98$FConsultazione all $aall $n0008669